Every Logic Song on the Billboard Hot 100 - Statistics

General Stats
  • This quiz has been taken 79 times
    28 since last reset
  • The average score is 9 of 22
Answer Stats
# Year Song % Correct
3 2017 1-800-273-8255 ft. Alessia Cara & Khalid
92%
5 2019 Homicide ft. Eminem
79%
29 2018 Everyday (Marshmello)
63%
22 2018 44 More
50%
100 2016 Flexicution
50%
59 2017 Everybody
46%
87 2017 Black SpiderMan ft. Damian Lemar Hudson
42%
80 2018 One Day ft. Ryan Tedder
42%
95 2020 Perfect
42%
59 2019 Isis (Joyner Lucas)
38%
38 2019 Keanu Reeves
38%
15 2016 Sucker For Pain (Lil Wayne, Wiz Khalifa & Imagine Dragons & Ty Dolla $ign) ft. X Ambassadors
38%
78 2019 Confessions Of A Dangerous Mind
33%
60 2018 Contra
29%
68 2018 Overnight
29%
87 2018 Yuck
29%
56 2018 Indica Badu ft. Wiz Khalifa
25%
74 2018 Midnight
21%
98 2018 Warm It Up ft. Young Sinatra
21%
97 2018 BoomTrap Protocol
17%
83 2018 Wassup ft. Big Sean
17%
55 2017 Pray (Sam Smith)
13%
No matching quizzes found
Score Distribution
Percent of People with Each Score
Percentile by Number Answered
Your Score History
You have not taken this quiz since the last reset